000 00608nam a22002057a 4500
999 _c13959
_d13959
003 MIRAKIL
005 20200825155856.0
008 200825b tu ||||| |||| 00| 0 tur d
040 _aTR-AnCHP
_cTR-AnCHP
041 _atur
082 _a891.73
_bG66a 1977
100 _aGorki, Maksim
245 1 0 _aArtamonovlar/
_cMaksim Gorki; Türkçesi: Şemsa İlkin.
260 _aİstanbul:
_bOda Yayınları,
_c1977.
300 _a394 s.:
_c19 sm.
500 _aÖzgün yapıt adı : The Artamonov Busıness.
650 0 _95112
_aRus Edebiyatı
_xRoman
700 _96448
_aİlkin, Şemsa
_eçev.
942 _2ddc
_cBKS